000 01021naa a2200253 4500
005 20110810145620.0
008 110810t xxu||||| |||| 00| 0 eng d
010 _aENG-103368
020 _c250.00
_a9788177421002
035 _aEN-86901
037 _bDBAD/PUB
040 _aDPL
_bEng
082 _a330.93402
100 _932587
_aKazanas,Nicholas
245 1 _aEconomic principles in the Vedic tradition /
_cby Nicholas Kazanas [and] Omilos Meleton, Athens
260 _aNew Delhi
_bAditya Prakashan
_c2010
270 _a2/18, Ansari Road, Darya Ganj
_bNew Delhi
_e110002
300 _a80p.
_c22cm (Hb)
500 _aIncludes bibliographical references
700 _933086
_aMeleton, Omilos
942 _adpl
_cEN
_2ddc
_mKAZ
_h330.93402
999 _c55743
_d55743